Built Heritage Evaluation (Record no. 23309)

MARC details
000 -LEADER
fixed length control field 00632nam a2200133Ia 4500
008 - FIXED-LENGTH DATA ELEMENTS--GENERAL INFORMATION
fixed length control field 220620s9999||||xx |||||||||||||| ||und||
100 ## - MAIN ENTRY--PERSONAL NAME
Personal name Robert J., Koestler
245 #0 - TITLE STATEMENT
Title Built Heritage Evaluation
Remainder of title Manual Using Simple Test Methods
546 ## - LANGUAGE NOTE
Language note English[eng]
650 ## - SUBJECT ADDED ENTRY--TOPICAL TERM
Topical term or geographic name entry element historic preservation manual||test equipment||microscopy||simple evaluation methods||ion tests||architectural heritage||building science||Macromolecular materials||materials conservation||solution chemistry||inorganic chemistry
700 ## - ADDED ENTRY--PERSONAL NAME
Personal name Charola, A. Elena||Otero, Jorge||Depriest, Paula T.
856 ## - ELECTRONIC LOCATION AND ACCESS
Uniform Resource Identifier <a href="https://doi.org/10.5479/si.16567623">https://doi.org/10.5479/si.16567623</a>
942 ## - ADDED ENTRY ELEMENTS (KOHA)
Koha item type E-Books
Holdings
Withdrawn status Lost status Damaged status Not for loan Home library Current library Date acquired Total Checkouts Date last seen Price effective from Koha item type
        Kerala University of Digital Sciences, Innovation and Technology Knowledge Centre Kerala University of Digital Sciences, Innovation and Technology Knowledge Centre 20/06/2022   20/06/2022 20/06/2022 E-Books